| 000 | 004260000a22001090004500 | ||
|---|---|---|---|
| 090 |
_aAS _bSeriadas |
||
| 245 | 1 | 0 | _aAlgunas consideraciones sobre la palma de cera del Quindio y sobre la flor de mayo como simbolos nacionales |
| 041 | 0 | _aEspañol | |
| 100 | 1 |
_aDíaz Piedrahita, Santiago _995842 |
|
| 942 | _cARTICULO | ||
| 773 | 1 |
_tRevista de la Academia Colombiana de Ciencias Exactas, Fisicas y Naturales _332 _h62 _q145-151 _d1987 _g16 |
|
| 999 |
_c14088 _d14088 |
||